Central Library OPAC University of Rajshahi

Colonial sequence, 1949 to 1969 : (Record no. 28082)

MARC details
000 -LEADER
fixed length control field 00912cam a2200277 4500
001 - CONTROL NUMBER
control field 28082
003 - CONTROL NUMBER IDENTIFIER
rucl marc code BD-RjUL
005 - DATE AND TIME OF LATEST TRANSACTION
control field 20211209051233.0
008 - FIXED-LENGTH DATA ELEMENTS--GENERAL INFORMATION
fixed length control field 140329s1970 enkb 001 0 eng d
020 ## - INTERNATIONAL STANDARD BOOK NUMBER
International Standard Book Number 0416149308
035 ## - SYSTEM CONTROL NUMBER
System control number (BD-RjUL)28163
040 ## - CATALOGING SOURCE
Original cataloging agency DLC
Transcribing agency DLC
Modifying agency DLC
-- BD-RjUL
Language of cataloging eng
041 ## - LANGUAGE CODE
Language code of text/sound track or separate title eng
082 00 - DEWEY DECIMAL CLASSIFICATION NUMBER
Classification number 325.31096
Author mark and year PEC 1970
100 1# - MAIN ENTRY--PERSONAL NAME
Personal name Perham, Margery,
Dates associated with a name 1895-1982.
9 (RLIN) 10695
245 10 - TITLE STATEMENT
Title Colonial sequence, 1949 to 1969 :
Remainder of title a chronological commentary upon British colonial policy in Africa /
Statement of responsibility, etc. by Margery Perham.
260 ## - PUBLICATION, DISTRIBUTION, ETC. (IMPRINT)
Place of publication, distribution, etc. London :
Name of publisher, distributor, etc. Methuen,
Date of publication, distribution, etc. 1970.
300 ## - PHYSICAL DESCRIPTION
Pagination xxxvi, 377 p. :
Illustrations ill. ;
Size 23 cm.
350 ## - PRICE (NR) (BK AM CF MU VM SE) [OBSOLETE]
Price 75/-
504 ## - BIBLIOGRAPHY, ETC. NOTE
Bibliography, etc Includes Index
651 #0 - SUBJECT ADDED ENTRY--GEOGRAPHIC NAME
Geographic name Great Britain
General subdivision Colonies
Geographic subdivision Africa
General subdivision History
Chronological subdivision 20th century.
9 (RLIN) 86093
Geographic name Great Britain
General subdivision Colonies
-- Administration
-- History
Chronological subdivision 20th century.
9 (RLIN) 86094
942 ## - ADDED ENTRY ELEMENTS (KOHA)
Source of classification or shelving scheme Dewey Decimal Classification
Koha item type Books
Holdings
Lost status Source of classification or shelving scheme Damaged status Not for loan Collection code Permanent Location Current Location Shelving location Date acquired Source of acquisition Cost, normal purchase price Total Checkouts Full call number Date last seen Copy number Koha item type
  Dewey Decimal Classification   Added to bundle Non-fiction Central Library, University of Rajshahi Central Library, University of Rajshahi Reading Room 11/07/1972 Book centre 82.50   325.31096 PEC 1970 29/03/2014 C-1 Books